Five go off to camp / (Record no. 4692)

MARC details
000 -LEADER
fixed length control field 00923nam a22002897a 4500
001 - CONTROL NUMBER
control field 4692
003 - CONTROL NUMBER IDENTIFIER
control field FISKH
005 - DATE AND TIME OF LATEST TRANSACTION
control field 20240923081209.0
008 - FIXED-LENGTH DATA ELEMENTS--GENERAL INFORMATION
fixed length control field 240923b cb ||||| |||| 00| 0 eng d
020 ## - INTERNATIONAL STANDARD BOOK NUMBER
International Standard Book Number 9780340894606
040 ## - CATALOGING SOURCE
Original cataloging agency FISKH
Language of cataloging eng
Transcribing agency FISKH
Modifying agency FISKH
050 ## - LIBRARY OF CONGRESS CALL NUMBER
Classification number PZ7.B629
082 ## - DEWEY DECIMAL CLASSIFICATION NUMBER
Edition number 823.912
100 ## - MAIN ENTRY--PERSONAL NAME
Personal name Blyton, Enid
Dates associated with a name (1897–1968)
245 ## - TITLE STATEMENT
Title Five go off to camp /
Statement of responsibility, etc. Enid Blyton
250 ## - EDITION STATEMENT
Edition statement This edition 2004
260 ## - PUBLICATION, DISTRIBUTION, ETC.
Place of publication, distribution, etc. London :
Name of publisher, distributor, etc. Hodder Children's Books,
Date of publication, distribution, etc. 2004.
300 ## - PHYSICAL DESCRIPTION
Extent 245 pages :
Dimensions 18cm
505 ## - FORMATTED CONTENTS NOTE
Formatted contents note J<br/>
520 ## - SUMMARY, ETC.
Summary, etc. Spook-trains in the dead of night! They seem to vanish into thin air - where do they go? The Famous Five follow the tracks - and discover a very unusual, underground destination!
521 8# - TARGET AUDIENCE NOTE
Target audience note 480L<br/>
Source Lexile<br/>
521 8# - TARGET AUDIENCE NOTE
Target audience note J<br/>
Source Raz-Plus<br/>
650 ## - SUBJECT ADDED ENTRY--TOPICAL TERM
Source of heading or term Children
Topical term or geographic name entry element Mystery
Form subdivision Famous Five
650 ## - SUBJECT ADDED ENTRY--TOPICAL TERM
Source of heading or term Fiction
Topical term or geographic name entry element Adventures
942 ## - ADDED ENTRY ELEMENTS (KOHA)
Source of classification or shelving scheme Dewey Decimal Classification
Koha item type Books
Suppress in OPAC No
Holdings
Withdrawn status Lost status Source of classification or shelving scheme Damaged status Not for loan Collection Home library Current library Shelving location Date acquired Total Checkouts Full call number Barcode Date last seen Copy number Price effective from Koha item type
    Dewey Decimal Classification     Juvenile Fiction Footprints International School Library Network Toul Kork Campus Footprints International School Library Network Toul Kork Campus TTP Primary Dark Blue Bookshelves 09/23/2024   BLY 823.912 PZ7.B629 2024-2051 09/23/2024 1 09/23/2024 Books